Footballeurs internationaux par images - facile - Statistiques

Statistiques générales
  • Ce quiz a été pris 97 fois
  • Le résultat moyen est 39 sur 48
Statistiques - réponses
Par images Hint Réponse % Correct
1960 Diego Maradona
98%
1987 Lionel Messi
97%
1992 Neymar
97%
1998 Achraf Hakimi
96%
1985 Cristiano Ronaldo
96%
2003 Jude Bellingham
96%
2000 Erling Haaland
94%
1993 Harry Kane
93%
2007 Lamine Yamal
93%
1980 Ronaldinho
93%
1981 Zlatan Ibrahimovic
93%
1989 Gareth Bale
92%
1976 Ronaldo
92%
1986 Sergio Ramos
92%
1988 Robert Lewandowski
91%
1984 Andrés Iniesta
90%
1999 Gianluigi Donnarumma
90%
1991 Eden Hazard
89%
1978 Gianluigi Buffon
88%
2004 Joao Neves
88%
1990 Toni Kroos
88%
1994 Bernardo Silva
84%
2001 Khvicha Kvaratskhelia
84%
2005 Arda Güler
83%
1995 Joshua Kimmich
82%
1997 Lautaro Martinez
82%
2002 Nuno Mendes
82%
1982 Kaka
81%
1973 Roberto Carlos
81%
1983 Dani Alves
80%
1975 David Beckham
80%
1979 Andrea Pirlo
79%
1972 Luis Figo
78%
1968 Paolo Maldini
76%
1996 Rodri
76%
1969 Oliver Kahn
72%
1971 Pep Guardiola
72%
1962 Ruud Gullit
72%
1977 Raul
69%
1967 Roberto Baggio
67%
1963 Ronald Koeman
64%
1974 Paul Scholes
63%
1964 Marco Van Basten
60%
1970 Alan Shearer
57%
1966 George Weah
57%
1961 Lothar Matthäus
57%
1965 Gheorghe Hagi
55%
2006 Myles Lewis-Skelly
53%
Aucun quiz correspondant
Distribution des résultats
% des personnes avec chaque résultat
Percentile par nombre de réponses
Votre historique - résultats
Vous n’avez pas pris ce quiz